000 00307nam a2200133Ia 4500
008 151001s9999||||xx |||||||||||||| ||und||
100 _aगिरीजा कीर
245 _aगिरकी
250 _a1
260 _bहेमचंद्र
260 _c1977
300 _a172
365 _b18
999 _c959583
_d959580